00421nam a2200157Ia 4500003000400000008004100004040001600045082001300061100002600074245005800100260003400158300001000192490002400202650001500226650002200241GCL140319s9999 xx 000 0 eng d aGCL / cGCL04a843bG T1 aDE GARD ROGER, MARTIN10aLES THIBAULT III L'ETE 1914 / cDE GARD ROGER, MARTIN a[S.N] : bGALLIMARD ، c1993 a371 P aCOLLECTION FOLIOv004aLITERATURE04aFRENCH LITERATURE